| 000 | 02423nam0a2200373 4500 | ||
|---|---|---|---|
| 001 | RU\NLR\bibl\1194388 | ||
| 005 | 20260407175655.0 | ||
| 010 |
_a978-5-9596-0480-6 _9300 |
||
| 021 |
_aRU _b2007-94885 _95122 |
||
| 035 | _a(NLR Aleph) 001180917 | ||
| 090 |
_a1656794 _c1656794 |
||
| 100 | _a20080229d2007 |||y0rusy50 ca | ||
| 101 | 0 | _arus | |
| 102 | _aRU | ||
| 105 | _aa ||||||||| | ||
| 200 | 1 |
_aИнтегрированная защита сельскохозяйственных культур и фитосанитарный мониторинг в современном земледелии _eсборник научных трудов по материалам Международной научно-практической конференции (г. Ставрополь, 22-24 ноября 2007 года) _f[редкол.: д. с.-х. н., проф. А. И. Асалиев и др.] |
|
| 210 |
_aСтаврополь _cАгрус _d2007 |
||
| 215 |
_a375 с. _cил. _d20 |
||
| 225 | 1 |
_aПриоритетные национальные проекты _iОбразование |
|
| 300 | _aВ надзаг.: ФГОУ ВПО Ставроп. гос. аграр. ун-т, Ин-т экономики и финансов | ||
| 320 | _aБиблиогр. в конце ст. | ||
| 606 | 1 |
_aФитосанитария _jСъезды, совещания и т.п. _xМониторинг _92348797 _3RU\NLR\auth\661403411 |
|
| 606 | 1 |
_aСельскохозяйственные растения _jСъезды, совещания и т.п. _xБолезни и вредители _xЗащита от них _xИнтегрированные методы _92110442 _3RU\NLR\auth\661275505 |
|
| 686 | _aП41в.я431(0) | ||
| 686 | _aП415.1в610я431(0) | ||
| 702 | 1 |
_aАсалиев _bА. И. _gАлаудин Искендарович _4340 |
|
| 711 | 1 | 2 |
_a"Интегрированная защита сельскохозяйственных культур и фитосанитарный мониторинг в современном земледелии", международная научно-практическая конференция _f2007 _eСтаврополь _3RU\NLR\AUTH\8810113698 _9726881 |
| 801 | 0 |
_aRU _bNLR _c20080229 _gRCR |
|
| 801 | 1 |
_aRU _bNLR _c20080229 |
|
| 830 | _aред. по ЭК | ||
| 942 | _cBOOK | ||
| 980 | _aNB | ||